| 000 | 00335cam a2200145 a 4500 | ||
|---|---|---|---|
| 020 | _a0689120184 | ||
| 040 | _cDLC | ||
| 082 | 0 | 0 | _a823 ATH 1988 A094 Or. |
| 100 | 1 | _aInnes, Hammond, | |
| 245 | 1 | 0 | _aMedusa / |
| 250 | _a1st American ed. | ||
| 260 |
_aNew York : _bAtheneum, _c1988. |
||
| 300 |
_a350 p. : _bmaps ; _c25 cm. |
||
| 942 | _cEK | ||
| 999 |
_c13895 _d13895 |
||